Wastage in college education: Two studies about students of the University of Poona (Record no. 20021)

MARC details
000 -LEADER
fixed length control field 00352nam a2200121Ia 4500
082 ## - DEWEY DECIMAL CLASSIFICATION NUMBER
Classification number 378
Item number KAM
100 ## - MAIN ENTRY--AUTHOR NAME
Personal name DESHMUKH, Abi
245 #0 - TITLE STATEMENT
Title Wastage in college education: Two studies about students of the University of Poona
260 ## - PUBLICATION, DISTRIBUTION, ETC. (IMPRINT)
Place of publication Poona
Name of publisher Gokhale Inst
Year of publication 1963
700 ## - ADDED ENTRY--PERSONAL NAME
Personal name KAMAT, A R
942 ## - ADDED ENTRY ELEMENTS (KOHA)
Koha item type Books
Holdings
Withdrawn status Lost status Damaged status Not for loan Home library Current library Date acquired Full call number Accession Number Koha item type
        RRII Library RRII Library 16/12/2021 378 KAM 00749 Books